| 000 -ლიდერი |
| ფიქსირებული სიგრძის საკონტროლო ველი |
01280nam a2200277Ia 4500 |
| 001 - საკონტროლო ნომერი |
| საკონტროლო ველი |
20479 |
| 003 - საკონტროლო ნომრის იდენტიფიკატორი |
| საკონტროლო ველი |
GE_BSU |
| 005 - ბოლო ოპერაციის თარიღი და დრო |
| საკონტროლო ველი |
20210102235908.0 |
| 008 - ფიქსირებული სიგრძის მონაცემთა ელემენტები - ზოგადი ინფორმაცია |
| ფიქსირებული სიგრძის საკონტროლო ველი |
181216s1991||||ge |||||||||||||| || || |
| 040 ## - კატალოგიზაციის წყარო |
| Transcribing agency |
GE_BSU |
| 041 ## - ენის კოდი |
| Language code of text/sound track or separate title |
geo |
| 080 ## - უნივერსალური ათობითი კლასიფიკაციის ინდექსი |
| Universal Decimal Classification number |
811.353.1-8(075.3) რ-21 |
| 100 ## - მთავარი ჩანაწერი - პიროვნების სახელი |
| Personal name |
რამიშვილი, ვალერიან |
| 9 (RLIN) |
1173 |
| 245 ## - ცნობა სათაურის შესახებ |
| Title |
ქართული ენა : გრამატიკა, მართლწერა და მეტყველების განვითარება : |
| Remainder of title |
მე-3 კლასის სახელმძღვანელო / |
| Statement of responsibility, etc |
ვალერიან რამიშვილი ; რედ. ნ. ნოდია. |
| 250 ## - გამოცემის ცნობა |
| Edition statement |
მე-7 გამოცემა |
| 264 ## - წარმოების, გამოცემის, დისტრიბუციის და სხვა ცნობები |
| გამოცემის, წარმოების, დისტრიბუციის... ადგილი |
თბილისი : |
| გამოცემის, წარმოების, დისტრიბუციის... სახელწოდება |
განათლება, |
| გამოცემის, წარმოების, დისტრიბუციის... თარიღი |
1991. |
| 300 ## - ფიზიკური აღწერა |
| Extent |
100 გვ. ; |
| Dimensions |
20 სმ. |
| 653 ## - INDEX TERM--UNCONTROLLED |
| Uncontrolled term |
მე-3 კლასის სახელმძღვანელო |
| 653 ## - INDEX TERM--UNCONTROLLED |
| Uncontrolled term |
ქართული ენა |
| 653 ## - INDEX TERM--UNCONTROLLED |
| Uncontrolled term |
გრამატიკა |
| 653 ## - INDEX TERM--UNCONTROLLED |
| Uncontrolled term |
მართლწერა |
| 653 ## - INDEX TERM--UNCONTROLLED |
| Uncontrolled term |
მეტყველების განვითარება |
| 700 ## - ADDED ENTRY--PERSONAL NAME |
| Personal name |
ნოდია, ნ. |
| Relator term |
რედაქტორი |
| 9 (RLIN) |
9840 |
| 942 ## - ADDED ENTRY ELEMENTS (KOHA) |
| Koha item type |
წიგნი |
| Source of classification or shelving scheme |
|